Koncepčný rámec kybernetickej bezpečnosti v podnikovom manažmente správa o výsledkoch riešenia projektu mladých učiteľov, vedeckých pracovníkov a doktorandov v dennej forme štúdia na Ekonomickej univerzite v Bratislave, č. I-17-109-00 : doba riešenia 1.5.2017-31.12.2017

Uložené v:
Podrobná bibliografia
Hlavný autor: Korček, František
Korporativný autor: Fakulta podnikového manažmentu EU. Katedra informačného manažmentu
Ďalší autori: Bolek, Vladimír, 1988-, Baculáková, Kristína, 1988-, Ondrášová, Iveta, Kintr, Lukáš
Médium: Kniha
Jazyk:Slovak
Vydavateľské údaje: Bratislava 2018
Vydanie:1. vydanie
Predmet:
Tagy: Pridať tag
Žiadne tagy, Buďte prvý, kto otaguje tento záznam!

MARC

LEADER 00000nam a2200000 4500
001 0241417
005 20241002141646.0
041 0 |a slo 
044 |a SK 
245 1 0 |a Koncepčný rámec kybernetickej bezpečnosti v podnikovom manažmente  |b správa o výsledkoch riešenia projektu mladých učiteľov, vedeckých pracovníkov a doktorandov v dennej forme štúdia na Ekonomickej univerzite v Bratislave, č. I-17-109-00 : doba riešenia 1.5.2017-31.12.2017  |c zodpovedný riešiteľ: František Korček, spoluriešitelia: Vladimír Bolek, Kristína Baculáková ; oponenti: Iveta Ondrášová, Lukáš Kintr 
250 |a 1. vydanie 
264 1 |a Bratislava  |c 2018 
300 |a [40 s.] 
610 2 0 |a bezpečnosť kybernetická 
610 2 0 |a riadenie podnikové 
610 2 0 |a smernice 
610 2 0 |a Európska únia 
100 1 |a Korček, František 
700 1 |a Bolek, Vladimír, 1988- 
700 1 |a Baculáková, Kristína, 1988- 
700 1 |a Ondrášová, Iveta 
700 1 |a Kintr, Lukáš 
710 2 |a Fakulta podnikového manažmentu EU. Katedra informačného manažmentu